00381nam a2200157Ia 45000010006000000050017000060080041000230410008000640820022000721000033000942450043001272600009001703000028001796500008002076540008002151961920260306172706.0260306t2019||||xx |||||||||||||| ||spa|| aESP a340.7bC75 Nº 42 aPriori Posada, GiovannieAUT 0aEl proceso y la tutela de los derechos c2019 a199 páginas :c20 cm. aGEN aCDE